000 00410nam a2200169Ia 4500
008 210719s1988 xx 000 0 und d
020 _a067318255X
041 _aeng
082 _a659.1 COHA
100 _aCOHEN (Dorothy)
245 _aAdvertising.
260 _aLondon.
_bScott, Foresman & Co.,
_c1988
300 _axxvi,626,G-I,14
_bHB
365 _cRs
650 _aAdvertising
906 _aAdvertising
999 _c212401
_d212401